000 00494nam a2200181Ia 4500
005 20250326130207.0
008 250326s9999 xx 000 0 und d
037 _aTextbook
040 _aFMSL
_beng
_cFMSL
041 _aeng
_2eng
084 _aS K9
_qFMSL
100 _aSarason S B
_9740249
245 0 _aPsychology problems in mental desicincy
_cSarason S B
260 _aLondon
_bLondon, Harper & Row
_c1969
300 _a483p
942 _cTB
_hS K9
999 _c1281389
_d1281389